| 000 | 00445nam a2200181Ia 4500 | ||
|---|---|---|---|
| 005 | 20240323145005.0 | ||
| 008 | 131103s9999 xx 000 0 und d | ||
| 040 | _aLoreto College | ||
| 041 | _aEnglish | ||
| 082 |
_a170 _bILL |
||
| 245 | _aIllustrated New Testament | ||
| 260 |
_aMinnesota _bThe Liturgical Press _c1964 |
||
| 300 |
_a260p. _b ill. |
||
| 504 | _aIncludes index | ||
| 650 | _aMoral science | ||
| 850 | _aLCBED | ||
| 942 | _cBK | ||
| 999 |
_c32204 _d82683 |
||